Sách chuyên khảo: Quản lý nhân lực trong doanh nghiệp theo hiệu suất = Human resources management in enterprises according to performance
Nội dung quyển sách giới thiệu tổng quát về quản lý nhân lực trong doanh nghiệp theo hiệu suất, quản lý nhân viên làm theo hiệu suất,....
Salvato in:
| Autore principale: | |
|---|---|
| Altri autori: | , |
| Natura: | Libro |
| Lingua: | Vietnamese |
| Pubblicazione: |
TP.HCM
Kinh tế
2024
|
| Soggetti: | |
| Tags: |
Aggiungi Tag
Nessun Tag, puoi essere il primo ad aggiungerne! !
|
| Thư viện lưu trữ: | Thư viện Trường Đại học Nam Cần Thơ |
|---|
| LEADER | 01860nam a22002657a 4500 | ||
|---|---|---|---|
| 001 | NCT_4_017059 | ||
| 008 | 250211b xxu||||| |||| 00| 0 vie d | ||
| 999 | |c 8817 |d 8817 | ||
| 020 | |a 9786043463743 |c 116000 | ||
| 082 | 0 | 4 | |2 23rd ed. |a 658.3 |b H502 |
| 100 | 1 | |a Đào Duy Huân | |
| 245 | 1 | 0 | |a Sách chuyên khảo: Quản lý nhân lực trong doanh nghiệp theo hiệu suất |b = Human resources management in enterprises according to performance |c Đào Duy Huân, Lâm Hoàng Dẳng (Đồng chủ biên) ; Lê Nhựt Pil (thành viên) |
| 260 | |a TP.HCM |b Kinh tế |c 2024 | ||
| 300 | |a 375tr. |c 24 cm | ||
| 520 | 3 | |a Nội dung quyển sách giới thiệu tổng quát về quản lý nhân lực trong doanh nghiệp theo hiệu suất, quản lý nhân viên làm theo hiệu suất,.... | |
| 653 | |a Quản trị kinh doanh | ||
| 700 | 1 | |a Lâm Hoàng Dẳng |e Đồng chủ biên | |
| 700 | 1 | |a Lê Nhựt Pil |e Thành viên | |
| 942 | |2 ddc |c BK | ||
| 952 | |0 0 |1 0 |2 ddc |4 0 |6 658_300000000000000_H502 |7 0 |9 30342 |a 000001 |b 000001 |d 2025-02-11 |o 658.3 H502 |p MD.23172 |r 2025-02-12 |v 116000.00 |w 2025-02-11 |y BK | ||
| 952 | |0 0 |1 0 |2 ddc |4 0 |6 658_300000000000000_H502 |7 0 |9 30343 |a 000001 |b 000001 |d 2025-02-11 |o 658.3 H502 |p MD.23173 |r 2025-02-11 |v 116000.00 |w 2025-02-11 |y BK | ||
| 952 | |0 0 |1 0 |2 ddc |4 0 |6 658_300000000000000_H502 |7 0 |9 30344 |a 000001 |b 000001 |d 2025-02-11 |o 658.3 H502 |p MD.23174 |r 2025-02-11 |v 116000.00 |w 2025-02-11 |y BK | ||
| 952 | |0 0 |1 0 |2 ddc |4 0 |6 658_300000000000000_H502 |7 0 |9 30345 |a 000001 |b 000001 |d 2025-02-11 |o 658.3 H502 |p MD.23175 |r 2025-02-11 |v 116000.00 |w 2025-02-11 |y BK | ||
| 952 | |0 0 |1 0 |2 ddc |4 0 |6 658_300000000000000_H502 |7 0 |9 30346 |a 000001 |b 000001 |d 2025-02-11 |l 1 |o 658.3 H502 |p MD.23176 |r 2025-03-22 |s 2025-03-22 |v 116000.00 |w 2025-02-11 |y BK | ||
| 980 | |a Thư viện Trường Đại học Nam Cần Thơ | ||


